01485cam a2200325 i 450000100090000000300040000900500170001300800410003001000170007102000180008804000280010604200080013405000230014208200230016510000420018824503000023025000190053026400510054930000600060033600260066033700280068633800270071465000260074165000240076770000270079194200520081895201360087095201360100699900170114219378911OSt20250610121123.0161118s2017 nyua 000 0 eng  a 2016042214 a9789354600203 aDLCbengcDLCerdadDLC apcc00aHD30.22b.B38 201700a338.5024658bBAY/M aBaye, Michael Rd1958-eauthor.9162110aManagerial economics and business strategy /cMichael R. Baye, Bert Elwert Professor of Business Economics & Public Policy, Kelley School of Business, Indiana University, Jeffrey T. Prince, Associate Professor of Business Economics & Public Policy, Kelley School of Business, Indiana University. aNinth edition. 1aNew York, NY :bMcGraw-Hill Education,c[2017] axxvii, 548 pages :billustrations (some color) ;c27 cm atextbtxt2rdacontent aunmediatedbn2rdamedia avolumebnc2rdacarrier 0aManagerial economics. 0aStrategic planning.1 aPrince, Jeff,eauthor. 2ddccBKh338.5024658iBAY/Mk338.5024658mBAY/M 00102ddc40708PRODUCTIONaMESbMEScECO d2025-06-10l0o338.5024658 BAY/Mp45922r2025-06-10 12:11:09t1w2025-06-10yBKzGL8R1 00102ddc40708PRODUCTIONaMESbMEScECO d2025-06-10l0o338.5024658 BAY/Mp45923r2025-06-10 12:11:09t2w2025-06-10yBKzGL8R1 c44528d44528